Die ägyptische Expansion nach Nubien : eine Darlegung der Grundfaktoren /

محفوظ في:

المؤلف الرئيسي: Zibelius-Chen, Karola (مؤلف)

التنسيق: كتاب

اللغة: German

منشور في: Wiesbaden : L. Reichert, 1988.

سلاسل: Tubinger Atlas des Vorderen Orients ; 78.
TAVO ; 78.

الموضوعات:

الوسوم: إضافة وسم

لا توجد وسوم, كن أول من يضع وسما على هذه التسجيلة!

رقم الطلب: DS41 .T25 v.78

LEADER 01187namaa2200325 4500
001 22493
003 OSt
005 20211115140706.0
008 130303s1988 gw b g b 001 0 ger d
952 |0 0  |1 0  |2 lcc  |3 v.78  |4 0  |6 DS0041 T25 V.00078  |7 1  |9 22156  |a ARCE  |b ARCE  |d 2021-11-15  |l 0  |o DS41 .T25 v.78  |p 1009567  |r 2021-11-15 00:00:00  |w 2021-11-15  |y BK 
999 |c 28561  |d 28561 
020 |a 3882264217 
040 |c ARCE Library 
043 |a f-ua---  |a f-sj--- 
050 4 |a DS41 .T25 v.78 
100 1 |a Zibelius-Chen, Karola,  |e author  |9 42684 
245 1 4 |a Die ägyptische Expansion nach Nubien :  |b eine Darlegung der Grundfaktoren /  |c von Karola Zibelius-Chen. 
264 1 |a Wiesbaden :   |b L. Reichert,   |c 1988. 
300 |a xxii, 256 pages :  |b 1 map ;  |c 24 cm. 
490 1 |a Tubinger Atlas des Vorderen Orients ;   |v 78. 
490 1 |a TAVO ;   |v 78. 
504 |a Includes bibliographical references (pages [241]-251) and index. 
651 0 |a Egypt  |x History  |y To 332 B.C. 
651 0 |a Egypt  |x Relations  |z Nubia. 
651 0 |a Nubia  |x Relations  |z Egypt. 
651 0 |a Nubia  |x History. 
830 0 |a Tubinger Atlas des Vorderen Orients ;   |v 78. 
830 0 |a TAVO ;   |v 78. 
901 |a reviewed 
942 |c BK  |2 lcc